| 000 | 00584 a2200181 4500 | ||
|---|---|---|---|
| 999 |
_c28895 _d28895 |
||
| 003 | NUST | ||
| 005 | 20180117152928.0 | ||
| 008 | 180117b xxu||||| |||| 00| 0 eng d | ||
| 020 | _a1584884207 | ||
| 020 | _a9781584884200 | ||
| 040 | _cNUST | ||
| 082 | 0 | 4 | _a515.353 |
| 100 | 1 |
_aCain, George. _98571 |
|
| 245 | 1 | 0 |
_aSeparation of variables for partial differential equations : _ban eigenfunction approach / _cGeorge Cain, Gunter H. Meyer. |
| 260 |
_a[S.l.] : _bChapman and Hall/CRC, _c2005. |
||
| 300 |
_a304 p. ; _c24 cm. |
||
| 490 | 1 | _aStudies in advanced mathematics. | |
| 700 | 1 |
_aMeyer, Gunter H. _98572 |
|
| 830 | 0 |
_aStudies in advanced mathematics. _98573 |
|
| 942 |
_aSNS _cBK _k515.353 CAI _2ddc |
||